|
|
|
|
| LEADER |
00000nas a2200000 a 4500 |
| 001 |
ssj0012802 |
| 003 |
WaSeSS |
| 005 |
20200512172242.0 |
| 006 |
m d |
| 007 |
cr n |
| 008 |
020305d20012008nyubr p s 0 a0eng c |
| 010 |
|
|
|a 2002211549
|
| 016 |
7 |
|
|a 009828791
|2 Uk
|
| 016 |
7 |
|
|a 013456659
|2 Uk
|
| 022 |
|
|
|a 1539-4409
|l 1530-1567
|y 1530-1567
|
| 035 |
|
|
|a (WaSeSS)ssj0012802
|
| 037 |
|
|
|b Ambulatory Pediatric Association, 6728 Old McLean Village Drive, McLean, VA 22101-3906
|
| 040 |
|
|
|a VVL
|b eng
|c VVL
|d NSD
|d OCLCQ
|d OCL
|d SBH
|d PFM
|d WAU
|d MUQ
|d OCLCQ
|d TXA
|d UKMGB
|d OCLCQ
|d OPELS
|d OCLCF
|d CHVBK
|d OCLCO
|d VT2
|d OCLCQ
|d OCLCO
|d OCLCQ
|d UAB
|d OCLCQ
|d BUF
|d APUMS
|d EZC
|d U3W
|d FQM
|d AU@
|d OCLCO
|d WYU
|d CNTRU
|d OCLCO
|d OCLCQ
|d OCLCO
|d OCLCA
|d WaSeSS
|
| 042 |
|
|
|a nsdp
|a pcc
|
| 050 |
1 |
4 |
|a RJ1
|b .A43
|
| 060 |
|
4 |
|a ONLINE JOURNAL
|
| 082 |
1 |
0 |
|a 618
|2 13
|
| 130 |
0 |
|
|a Ambulatory pediatrics (Online)
|
| 210 |
0 |
|
|a Ambul. pediatr.
|b (Online)
|
| 222 |
|
0 |
|a Ambulatory pediatrics
|b (Online)
|
| 245 |
1 |
0 |
|a Ambulatory pediatrics
|h [electronic resource] /
|c Ambulatory Pediatric Association.
|
| 260 |
|
|
|a [Lawrence, KS] :
|b Alliance Communications Group,
|c ©2001-©2008.
|
| 310 |
|
|
|a Bimonthly
|
| 362 |
1 |
|
|a Began with: Vol. 1, no. 1 (Jan./Feb. 2001); ceased with: Vol. 8, issue 6 (Nov./Dec. 2008).
|
| 500 |
|
|
|a Published: New York : Elsevier, 2006-2008.
|
| 506 |
|
|
|a License restrictions may limit access.
|
| 588 |
|
|
|a Description based on: Vol. 1, no. 1 (Jan./Feb. 2001); title from PDF article running title (ScienceDirect, viewed Apr. 22, 2011).
|
| 588 |
|
|
|a Latest issue consulted: Vol. 8, no. 6 (Nov./Dec. 2008) (ScienceDirect, viewed Apr. 22, 2011).
|
| 650 |
|
0 |
|a Pediatrics
|v Periodicals.
|
| 650 |
|
0 |
|a Ambulatory medical care for children
|v Periodicals.
|
| 650 |
|
2 |
|a Pediatrics.
|
| 650 |
|
2 |
|a Ambulatory Care.
|
| 650 |
|
6 |
|a Pédiatrie
|v Périodiques.
|
| 650 |
|
6 |
|a Traitement ambulatoire pour enfants
|v Périodiques.
|
| 650 |
|
7 |
|a Ambulatory medical care for children.
|2 fast
|0 (OCoLC)fst00806842
|
| 650 |
|
7 |
|a Pediatrics.
|2 fast
|0 (OCoLC)fst01056503
|
| 655 |
|
0 |
|a Electronic journals.
|
| 710 |
2 |
|
|a Ambulatory Pediatric Association.
|
| 776 |
0 |
8 |
|i Print version:
|t Ambulatory pediatrics
|x 1530-1567
|w (DLC) 2001229841
|w (OCoLC)46327399
|
| 785 |
0 |
0 |
|t Academic pediatrics
|w (DLC) 2009247758
|w (OCoLC)301597459
|
| 856 |
4 |
0 |
|z Full text available from Research Library: 01/01/2005 to 12/31/2008
|u https://search.proquest.com/publication/51558
|